| 000 | 00461nam a22001937a 4500 | ||
|---|---|---|---|
| 003 | OSt | ||
| 008 | 250418b |||||||| |||| 00| 0 eng d | ||
| 020 | _a9789365897388 | ||
| 082 | _a006.3 SAG | ||
| 100 | _aSABESAN,Karthikeyan | ||
| 245 | _aGenerative AI for Everyone | ||
| 250 | _a1st Ed | ||
| 260 |
_aNew Delhi _b2025 |
||
| 300 | _a393 | ||
| 650 | _aGenerative AI for Everyone | ||
| 700 | _aSIVAGAMISUNDARI | ||
| 700 | _aDUTTA,Nilip | ||
| 942 |
_2ddc _cBK |
||
| 999 |
_c13323 _d13323 |
||